The Payment of Banus Act 1965 (Record no. 3784)

MARC details
000 -LEADER
fixed length control field 00329nam a22001457a 4500
005 - DATE AND TIME OF LATEST TRANSACTION
control field 20160624111512.0
008 - FIXED-LENGTH DATA ELEMENTS--GENERAL INFORMATION
fixed length control field 160624b xxu||||| |||| 00| 0 eng d
041 ## - LANGUAGE CODE
Language code of text/sound track or separate title eng
082 ## - DEWEY DECIMAL CLASSIFICATION NUMBER
Item number 9734
245 ## - TITLE STATEMENT
Title The Payment of Banus Act 1965
260 ## - PUBLICATION, DISTRIBUTION, ETC. (IMPRINT)
Name of publisher Professional's
Year of publication 2009
300 ## - PHYSICAL DESCRIPTION
Number of Pages 45
650 ## - SUBJECT ADDED ENTRY--TOPICAL TERM
Topical Term Management
942 ## - ADDED ENTRY ELEMENTS (KOHA)
Koha item type Books
Holdings
Lost status Damaged status Collection code Home library Current library Shelving location Date acquired Cost, normal purchase price Full call number Accession Number Koha item type
    Reference JRU Library JRU Library SHELF- 66 C 24/06/2016 40.00 9734 9734 Books